000 00564nam a2200205Ia 4500
005 20250508165450.0
008 008 250505s9999 xx 000 0 eng d
020 _a978-81-8031-326-4
037 _aTextual
040 _aFEDL
_beng
_cFEDL
041 _aeng
_2eng
084 _a891.434, DIN
_qFEDL
100 _aDinkar Ramdhari Singh
_9393732
245 0 _aSahitya aur samaj
260 _aAllahabad, India
_bLokbharati Prakashan
_c2008
300 _a147p.
365 _aINR
_b250
942 _cTEXL
_h891.434, DIN
999 _c1395260
_d1395260